LEADER 02635oam 2200613I 450 001 9910455279703321 005 20200520144314.0 010 $a1-134-96688-1 010 $a1-280-32824-X 010 $a0-203-13388-9 024 7 $a10.4324/9780203133880 035 $a(CKB)111056485509860 035 $a(EBL)169503 035 $a(OCoLC)85789006 035 $a(SSID)ssj0000122277 035 $a(PQKBManifestationID)11142714 035 $a(PQKBTitleCode)TC0000122277 035 $a(PQKBWorkID)10130660 035 $a(PQKB)11551112 035 $a(MiAaPQ)EBC169503 035 $a(Au-PeEL)EBL169503 035 $a(CaPaEBR)ebr10060625 035 $a(CaONFJC)MIL32824 035 $a(OCoLC)50921562 035 $a(EXLCZ)99111056485509860 100 $a20180331d1993 uy 0 101 0 $aeng 135 $aurcn||||||||| 181 $ctxt 182 $cc 183 $acr 200 10$aCinema and spectatorship /$fJudith Mayne 210 1$aLondon ;$aNew York :$cRoutledge,$d1993. 215 $a1 online resource (198 p.) 225 1 $aSightlines 300 $aDescription based upon print version of record. 311 $a1-138-13644-1 311 $a0-415-03416-7 320 $aIncludes bibliographical references and index. 327 $aBook Cover; Title; Contents; List of illustrations; Acknowledgements; Introduction; THE SUBJECT OF SPECTATORSHIP; SPECTATORSHIP AS INSTITUTION; SPECTATORSHIP RECONSIDERED; PARADOXES OF SPECTATORSHIP; TEXTUAL ANALYSIS AND PORTRAITS OF SPECTATORSHIP; STAR-GAZING; WHITE SPECTATORSHIP AND GENRE-MIXING; THE CRITICAL AUDIENCE; Works cited; Index 330 $aCinema and Spectatorship is the first book to focus entirely on the history and role of the spectator in contemporary film studies. While 1970's film theory insisted on a distinction between the cinematic subject and film-goers, Judith Mayne suggests that a very real friction between ""subjects"" and ""viewers"" is in fact central to the study of spectatorship. In the book's first section Mayne examines three theoretical models of spectatorship: the perceptual, the institutional and the historical, while the second section focuses on case studies which crystallize many of the issue 410 0$aSightlines (London, England) 606 $aMotion picture audiences 608 $aElectronic books. 615 0$aMotion picture audiences. 676 $a791.43/015 700 $aMayne$b Judith.$0780764 801 0$bMiAaPQ 801 1$bMiAaPQ 801 2$bMiAaPQ 906 $aBOOK 912 $a9910455279703321 996 $aCinema and Spectatorship$91731081 997 $aUNINA LEADER 01356nam a2200337 i 4500 001 991000937739707536 005 20020507104117.0 008 980923s1997 us ||| | eng 020 $a081942403X 035 $ab10150742-39ule_inst 035 $aLE00639427$9ExL 040 $aDip.to Fisica$bita 084 $a53.2.63 084 $a621.36'6 084 $aTA1695.E9348 111 2 $aSPIE Meeting on excimer lasers, optics, and applications$0461964 245 10$aExcimer lasers, optics, and applications :$b12-13 February 1997, San José, CA /$cHarry Shields, Peter E. Dyer (eds.) ; sponsored by the International Society for Optical Engineering 260 $aBellingham :$bSPIE,$c1997 300 $avii, 160 p. :$bill. ;$c28 cm. 490 0 $aSPIE Proceedings ;$v2992 500 $aIncludes bibliographical references and index. 650 4$aExcimer lasers$xCongresses 700 1 $aShields, Harry$eauthor$4http://id.loc.gov/vocabulary/relators/aut$0733163 700 1 $aDyer, Peter E. 710 2 $aSPIE 907 $a.b10150742$b17-02-17$c27-06-02 912 $a991000937739707536 945 $aLE006 53.2.63 SHI$g1$i2006000070256$lle006$o-$pE0.00$q-$rl$s- $t0$u0$v0$w0$x0$y.i1018062x$z27-06-02 996 $aExcimer lasers, optics, and applications$91444816 997 $aUNISALENTO 998 $ale006$b01-01-98$cm$da $e-$feng$gus $h0$i1